MARC details
| 000 -LEADER |
| fixed length control field |
00935nam a22002057a 4500 |
| 003 - CONTROL NUMBER IDENTIFIER |
| control field |
OSt |
| 005 - DATE AND TIME OF LATEST TRANSACTION |
| control field |
20250827103945.0 |
| 008 - FIXED-LENGTH DATA ELEMENTS--GENERAL INFORMATION |
| fixed length control field |
240308b ||||| |||| 00| 0 eng d |
| 040 ## - CATALOGING SOURCE |
| Transcribing agency |
0 |
| 082 ## - DEWEY DECIMAL CLASSIFICATION NUMBER |
| Classification number |
DPer 621.317 Ie21 July 2022 v. 37 n. 7 |
| 100 ## - MAIN ENTRY--PERSONAL NAME |
| Personal name |
Ashtiani, Nima Amouzegar. |
| Relator term |
author. |
| 9 (RLIN) |
54087 |
| 245 ## - TITLE STATEMENT |
| Title |
Modeling and stability analysis of single-phase microgrids controlled in stationary frame / |
| Statement of responsibility, etc. |
Nima Amouzegar Ashtiani, S. Ali Khajehoddin, and Masoud Karimi-Ghartemani. |
| 260 ## - PUBLICATION, DISTRIBUTION, ETC. (IMPRINT) |
| Place of publication, distribution, etc. |
New York ; |
| Name of publisher, distributor, etc. |
The Institute of Electrical and Electronics Engineers, Inc. , |
| Date of publication, distribution, etc. |
July 2022. |
| 300 ## - PHYSICAL DESCRIPTION |
| Extent |
volume 37, pages 7759-7774 : |
| Other physical details |
illustration ; |
| Dimensions |
28 cm. |
| 500 ## - GENERAL NOTE |
| General note |
IEEE Transactions on Power Electronics, vol. 37, no. 7, Pages 7759-7774, July 2022. |
| 700 ## - ADDED ENTRY--PERSONAL NAME |
| Personal name |
Ashtiani, Nima Amouzegar. |
| Relator term |
author. |
| 9 (RLIN) |
54087 |
| 700 ## - ADDED ENTRY--PERSONAL NAME |
| Personal name |
Khajehoddin, S. Ali. |
| Relator term |
author. |
| 9 (RLIN) |
54088 |
| 700 ## - ADDED ENTRY--PERSONAL NAME |
| Personal name |
Karimi-Ghartemani, Masoud. |
| Relator term |
author. |
| 9 (RLIN) |
54089 |
| 942 ## - ADDED ENTRY ELEMENTS (KOHA) |
| Source of classification or shelving scheme |
Dewey Decimal Classification |
| Koha item type |
Periodicals |